| 000 | 00509nam a2200205Ia 4500 | ||
|---|---|---|---|
| 005 | 20250425161435.0 | ||
| 008 | 250425s9999 xx 000 0 und d | ||
| 041 | _aspa | ||
| 082 | _a986.6 | ||
| 100 | _aROBALINO DAVILA, LUIS | ||
| 245 | 0 | _aORIGENES DEL ECUADOR DE HOY: LA REACCIÓN ANTI-FLOREANA | |
| 250 | _a1A ED. | ||
| 260 |
_aMéxico _bCAJICA _c1967 |
||
| 260 | _aPUEBLA | ||
| 300 | _a492 | ||
| 650 | _aHISTORIA DEL ECUADOR | ||
| 650 | _aPERIODO REPUBLICANO | ||
| 942 | _c01 | ||
| 010 | _a20361 | ||
| 999 |
_c209298 _d209298 |
||